000 00896nas a2200301 4500
001 BR2011007964
003 BR-BrBNA
005 20231205115826.0
007 ta
008 230509b bl.|||p| |||| 00| 00por d
040 _aBR-BrBNA
_bpor
_cBiblioteca Nacional de Agricultura
041 _a(Pt)
072 _aP33; F06
100 1 _aGonçalves, I.V.C.
100 1 _aFreire, M.B.G. dos
100 1 _aSantos, M.A. dos
100 1 _aSantos, E.R. dos
100 1 _aFreire, F.J.
245 1 _aAlterações químicas de um neossolo flúvico irrigado com águas salinas
650 _aTOMATE
650 _aSOLO
650 _aANÁLISE QUÍMICA
650 _aIRRIGAÇÃO
650 _aSALINIDADE
773 0 _tRevista Ciência Agronômica (Brazil)
_xISSN 0045-6888
_g(Jul-Sep 2011), v. 42(3) p. 589-596
_wBR2011007964
909 _a202311
_bLúcia
_c55
_dLúcia Elande
942 _2AGRIS
_n0
_cANA
999 _c215888
_d215888